| 000 | 00590cab a2200205 4500 | ||
|---|---|---|---|
| 001 | WB3211-32 | ||
| 008 | 090401t1996 xxu||||| |||| 00| 0 eng d | ||
| 035 | _a(Sirsi) u50825 | ||
| 041 | _aeng | ||
| 245 | _aOne sale, two purchases | ||
| 260 | _c1996 | ||
| 350 | _a0 | ||
| 490 |
_aTimes _v13 March 1996, 39(1) |
||
| 520 | _aDivorce can mean extra sales for a slack property market. Gives advice on selling the family home. | ||
| 650 | _aDIVORCE | ||
| 650 | _aHOUSE SALES | ||
| 690 | _aPROPERTY-RESIDENTIAL PROPERTY-RESIDENTIAL PROPERTY MARKET | ||
| 942 | _n0 | ||
| 948 | _c04/03/1997 | ||
| 999 |
_c31721 _d31721 |
||